000 00896nam a2200277 i 4500
001 5719
003 ES-MaACL
005 20250722063139.0
007 t|
008 890516s1987 sp ||||0| spa d
020 _a84-320-7539-6
080 _a9(7/8)"15/19"
100 1 _aRubert de Ventós, Xavier,
_d1939-
_9100297
245 1 3 _aEl Laberinto de la hispanidad /
_cXavier Rubert de Ventos.
250 _a1a ed.
260 _aBarcelona :
_bPlaneta,
_c1987.
300 _a217 p. :
_bil. ;
_c24 cm.
490 1 _aEspejo de España. Serie Los españoles ;
_v130
500 _aApendices.
500 _aIndice onomastico.
500 _aPremio Espejo de España 1987.
651 4 _aAmérica española-
_xColonización.
_97721
830 0 _aEspejo de España. Serie Los españoles ;
_v130
_9178159
852 _aES-MaACL
_jL-12704
_bR.115224
_z. - rust.
999 _c5719
_d5719